Normal view MARC view

Entry Personal Name

Number of records used in: 1

001 - CONTROL NUMBER

  • control field: 1552

003 - CONTROL NUMBER IDENTIFIER

  • control field: DLC

005 - DATE AND TIME OF LATEST TRANSACTION

  • control field: 20200125120535.0

008 - FIXED-LENGTH DATA ELEMENTS

  • fixed length control field: 780120n| acannaabn |n aaa

010 ## - LIBRARY OF CONGRESS CONTROL NUMBER

  • LC control number: n 78002235

035 ## - SYSTEM CONTROL NUMBER

  • System control number: (OCoLC)oca00138860

040 ## - CATALOGING SOURCE

  • Original cataloging agency: DLC
  • Language of cataloging: eng
  • Transcribing agency: DLC
  • Modifying agency: OCoLC

100 1# - HEADING--PERSONAL NAME

  • Personal name: Grudnitski, Gary

670 ## - SOURCE DATA FOUND

  • Source citation: His Heteroscedasticity ... 1976:
  • Information found: t.p. (Gary Grudnitski, ass't. prof. of account., Coll. of Business Adm., Univ. of Texas at Austin)

Powered by Koha